[Event "DVM U12 2003"]
[Site "Verden/Aller GER"]
[Date "2003.12.28"]
[Round "3"]
[White "Sharikow, Alexej"]
[Black "Grimm, Pascal"]
[Result "0-1"]
[Termination "normal"]
[Board "6.3"]
[WhiteElo "1247"]
[BlackElo "1315"]
[WhiteTeam "SK Baunatal"]
[BlackTeam "SC Postbauer-Heng"]
[PlyCount "118"]
[BlackFideId "24620122"]
[EventCountry "GER"]
[EventRounds "7"]
[EventType "team-swiss"]
[EventDate "2003.12.26"]

1. d4 Nf6 2. c4 g6 3. Nc3 Bg7 4. Nf3 d6 5. Bg5 O-O 6. e3 Nbd7 7. Bd3 h6 8. Bxf6
Bxf6 9. O-O c5 10. Qd2 Bg7 11. Rac1 Re8 12. Rfd1 b6 13. Be4 Rb8 14. a3 Bb7 15.
Bxb7 Rxb7 16. b4 Qc8 17. Ne2 Qc7 18. h3 Reb8 19. Nf4 Nf6 20. Nd5 Qd8 21. Nc3
Nd7 22. Na4 Rc8 23. dxc5 bxc5 24. bxc5 Nxc5 25. Nxc5 Rxc5 26. Nd4 Qc8 27. Qd3
d5 28. Nb3 Rxc4 29. Qxd5 Rxc1 30. Rxc1 Qd7 31. Qc4 Qb5 32. Qc8+ Kh7 33. Nc5 Rb8
34. Qc7 Qb2 35. Nd3 Qb7 36. Qc4 e6 37. a4 Qd7 38. a5 Qb5 39. Qc7 Rb7 40. Qc8
Qd7 41. Qc4 Qb5 42. Qe4 Rd7 43. Rc4 Qb1+ 44. Nc1 Rd1+ 45. Kh2 Qxe4 46. Rxe4
Rxc1 47. Rb4 Ra1 48. Rb7 Rxa5 49. Rxf7 Ra1 50. Kg3 a5 51. Ra7 a4 52. Kg4 Kg8
53. h4 a3 54. h5 g5 55. f4 gxf4 56. exf4 Bb2 57. f5 exf5+ 58. Kxf5 Rf1+ 59. Kg6
Rf6# 0-1

[Event "DVM U12 2003"]
[Site "Verden/Aller GER"]
[Date "2003.12.28"]
[Round "3"]
[White "Bohatschek, Daniel"]
[Black "Schmitt, Philipp"]
[Result "1-0"]
[Termination "normal"]
[Board "7.1"]
[WhiteElo "1231"]
[BlackElo "1446"]
[WhiteTeam "ZSG GW Waltershausen"]
[BlackTeam "SF Bad Mergentheim"]
[PlyCount "121"]
[WhiteFideId "4647629"]
[BlackFideId "24641766"]
[EventCountry "GER"]
[EventRounds "7"]
[EventType "team-swiss"]
[EventDate "2003.12.26"]

1. e4 e6 2. d4 d5 3. exd5 exd5 4. Bd3 Nc6 5. c3 Bd6 6. Qf3 Nge7 7. Ne2 Be6 8.
Bf4 h6 9. Nd2 Qd7 10. Bxd6 Qxd6 11. b4 O-O 12. O-O Rae8 13. Rfe1 Ng6 14. h3 Bd7
15. Qg3 Qxg3 16. Nxg3 Nf4 17. Bf5 Bxf5 18. Nxf5 Re2 19. Nb3 Rfe8 20. Ne3 a6 21.
Kf1 Rxe1+ 22. Rxe1 Na7 23. a4 b5 24. a5 Nd3 25. Rd1 Nb2 26. Rb1 Na4 27. Nxd5 c6
28. Nc7 Nxc3 29. Nxe8 Nxb1 30. Nc5 Na3 31. Nxa6 Nc2 32. Nd6 Nxd4 33. Ke1 Kf8
34. Kd2 Ke7 35. Kd3 Ne6 36. Nf5+ Kd7 37. Ne3 Kc8 38. Nc5 Nxc5+ 39. bxc5 Kb7 40.
Kc3 g6 41. f4 Nc8 42. f5 g5 43. f6 Kc7 44. Ng4 Kd7 45. Ne5+ Ke6 46. Nxc6 Kd5
47. Ne7+ Kxc5 48. Nxc8 b4+ 49. Kb3 Kb5 50. Nd6+ Kxa5 51. Nxf7 g4 52. Nxh6 gxh3
53. gxh3 Kb5 54. f7 Kc6 55. f8=Q Kb7 56. Qc5 Kb8 57. Qc6 Ka7 58. Qb5 Ka8 59.
Kxb4 Ka7 60. Kc5 Ka8 61. Kc6 1-0

[Event "DVM U12 2003"]
[Site "Verden/Aller GER"]
[Date "2003.12.28"]
[Round "3"]
[White "Pfleger, Jochen"]
[Black "Helmund, Thomas"]
[Result "1/2-1/2"]
[Termination "normal"]
[Board "7.2"]
[WhiteElo "1214"]
[BlackElo "1224"]
[WhiteTeam "SF Bad Mergentheim"]
[BlackTeam "ZSG GW Waltershausen"]
[PlyCount "131"]
[WhiteFideId "24641634"]
[BlackFideId "4647882"]
[EventCountry "GER"]
[EventRounds "7"]
[EventType "team-swiss"]
[EventDate "2003.12.26"]

1. c4 Nf6 2. Nc3 e6 3. g3 c6 4. Bg2 d5 5. cxd5 cxd5 6. d4 Bb4 7. a3 Bxc3+ 8.
bxc3 Nc6 9. Bf4 Bd7 10. Nf3 Ne4 11. Qd3 Qa5 12. Bd2 Rc8 13. c4 Nxd2 14. Nxd2
dxc4 15. Qxc4 Ne5 16. Qb4 Qc7 17. O-O Nc6 18. Qb2 O-O 19. Rfc1 Qb6 20. Qxb6
axb6 21. e3 Na5 22. e4 Rfe8 23. Rab1 b5 24. f4 f5 25. exf5 exf5 26. Kf2 Bc6 27.
Bxc6 bxc6 28. Rc5 g6 29. Re5 Rcd8 30. Ke3 Ra8 31. Kd3 Rxe5 32. fxe5 Nb7 33. Rb3
Kg7 34. Rc3 Nd8 35. Nf3 Kh6 36. h4 Kh5 37. Ng5 h6 38. Nh7 Kg4 39. Nf6+ Kxg3 40.
d5 cxd5 41. Kd4+ Kxh4 42. Kxd5 Ra6 43. Nd7 g5 44. Nc5 Rg6 45. e6 Nxe6 46. Nxe6
g4 47. Nf4 Rg8 48. Rb3 g3 49. Rxb5 g2 50. Nxg2+ Rxg2 51. a4 f4 52. Ke4 Kg4 53.
Rb6 Re2+ 54. Kd3 f3 55. Rg6+ Kh3 56. Rxh6+ Kg2 57. Rg6+ Kf1 58. a5 Rg2 59. Rf6
f2 60. a6 Kg1 61. a7 Rg8 62. Kc4 Ra8 63. Rg6+ Kf1 64. Rg7 Ke1 65. Re7+ Kd2 66.
Rf7 1/2-1/2

[Event "DVM U12 2003"]
[Site "Verden/Aller GER"]
[Date "2003.12.28"]
[Round "3"]
[White "Schmidt, Lukas"]
[Black "Tses, Evangelos"]
[Result "1-0"]
[Termination "normal"]
[Board "7.3"]
[WhiteElo "901"]
[BlackElo "1062"]
[WhiteTeam "ZSG GW Waltershausen"]
[BlackTeam "SF Bad Mergentheim"]
[PlyCount "73"]
[EventCountry "GER"]
[EventRounds "7"]
[EventType "team-swiss"]
[EventDate "2003.12.26"]

1. e4 e6 2. d4 d5 3. exd5 exd5 4. Bd3 Nc6 5. c3 Nf6 6. h3 Bd6 7. Qf3 O-O 8. Ne2
Be6 9. O-O Re8 10. Ng3 g6 11. Bg5 Be7 12. Nd2 Nd7 13. Bxe7 Qxe7 14. Rfe1 Qg5
15. Re2 Ne7 16. Rae1 c5 17. Qe3 Qxe3 18. Rxe3 Nc6 19. Nf3 c4 20. Bc2 b5 21. b3
cxb3 22. axb3 Rec8 23. R1e2 b4 24. cxb4 Nxb4 25. Bb1 Rc1+ 26. Re1 Rac8 27. Ng5
Nf8 28. f4 h6 29. Nxe6 Nxe6 30. f5 Nxd4 31. fxg6 fxg6 32. Bxg6 Ndc2 33. Rxc1 d4
34. Re7 d3 35. Rd1 Rc3 36. Nf5 Rxb3 37. Re8# 1-0

[Event "DVM U12 2003"]
[Site "Verden/Aller GER"]
[Date "2003.12.28"]
[Round "3"]
[White "Popp, Eduard"]
[Black "Steinacker, Alex"]
[Result "0-1"]
[Termination "normal"]
[Board "7.4"]
[WhiteElo "1095"]
[BlackElo "935"]
[WhiteTeam "SF Bad Mergentheim"]
[BlackTeam "ZSG GW Waltershausen"]
[PlyCount "74"]
[BlackFideId "24647195"]
[EventCountry "GER"]
[EventRounds "7"]
[EventType "team-swiss"]
[EventDate "2003.12.26"]

1. d4 Nf6 2. c4 e6 3. e3 d5 4. Nc3 Bb4 5. cxd5 Nxd5 6. Qb3 Bxc3+ 7. bxc3 b6 8.
Nf3 Bb7 9. Bd3 O-O 10. Be4 Qc8 11. c4 Nf6 12. Bxb7 Qxb7 13. c5 Qa6 14. cxb6
axb6 15. Ba3 Qxa3 16. Qxa3 Rxa3 17. O-O Nbd7 18. Rfc1 c5 19. dxc5 Nxc5 20. Ne5
Rfa8 21. Rd1 h6 22. Rd2 Nb3 23. Rb2 Nxa1 24. h3 Rxa2 25. Rxb6 Nc2 26. Nc4 Ra1+
27. Kh2 R8a2 28. f3 Ne1 29. Ne5 Nxg2 30. Kg3 Rg1 31. Rb8+ Kh7 32. Nxf7 Nxe3+
33. Kf4 Ned5+ 34. Ke5 Re1+ 35. Kd6 Ra6+ 36. Kc5 Nd7+ 37. Kd4 Nxb8 0-1

[Event "DVM U12 2003"]
[Site "Verden/Aller GER"]
[Date "2003.12.28"]
[Round "3"]
[White "Borgmeyer, Max"]
[Black "Hobusch, Alexander"]
[Result "0-1"]
[Termination "normal"]
[Board "8.1"]
[WhiteElo "1678"]
[BlackElo "1771"]
[WhiteTeam "Königsspringer Hamburg"]
[BlackTeam "SG Bochum 1931"]
[PlyCount "141"]
[WhiteFideId "24615870"]
[BlackFideId "24611387"]
[EventCountry "GER"]
[EventRounds "7"]
[EventType "team-swiss"]
[EventDate "2003.12.26"]

1. e4 e6 2. d4 d5 3. e5 c5 4. c3 Nc6 5. Nf3 Bd7 6. dxc5 Bxc5 7. Bd3 Qc7 8. Qe2
Nge7 9. O-O Ng6 10. Re1 Rc8 11. Bxg6 hxg6 12. Bf4 a6 13. Nbd2 Ne7 14. Nb3 Bb6
15. Nbd4 Nf5 16. Rad1 Nxd4 17. Nxd4 Bxd4 18. Rxd4 Bb5 19. Qd2 Qa5 20. a3 Rc4
21. Rxc4 Bxc4 22. Be3 Kd7 23. Bd4 Qb5 24. h3 Qa5 25. Qf4 Ke8 26. Qd2 Qd8 27.
Qe3 g5 28. Qf3 Rh6 29. Be3 Rg6 30. Qh5 Kd7 31. Qf3 Ke8 32. Qg4 Bd3 33. Qd4 Bf5
34. Qa4+ Qd7 35. Qb4 Qe7 36. Qa4+ Qd7 37. Qb4 Bd3 38. Rd1 Bb5 39. Qd4 Bc4 40.
Qc5 Qc6 41. Qxc6+ bxc6 42. f3 f6 43. Bd4 Kf7 44. Kf2 Rh6 45. Kg3 Rh8 46. Rd2 a5
47. Kf2 a4 48. Kg3 Rb8 49. f4 gxf4+ 50. Kxf4 Rb5 51. exf6 gxf6 52. Kg4 e5 53.
Bg1 Ke6 54. h4 Rb8 55. Bh2 Rg8+ 56. Kf3 c5 57. g4 d4 58. cxd4 cxd4 59. Kg3 d3
60. Bg1 Kd5 61. Kf3 Rc8 62. Be3 Bb5 63. g5 fxg5 64. hxg5 e4+ 65. Kf4 Bd7 66. g6
Rg8 67. Rg2 Rg7 68. Kg5 Be6 69. Kf6 Rg8 70. Rg5+ Kd6 71. Re5 0-1

[Event "DVM U12 2003"]
[Site "Verden/Aller GER"]
[Date "2003.12.28"]
[Round "3"]
[White "Mazarov, Jürgen"]
[Black "Streich, Justus"]
[Result "1-0"]
[Termination "normal"]
[Board "8.2"]
[WhiteElo "1728"]
[BlackElo "1322"]
[WhiteTeam "SG Bochum 1931"]
[BlackTeam "Königsspringer Hamburg"]
[PlyCount "63"]
[WhiteFideId "24617768"]
[BlackFideId "24697168"]
[EventCountry "GER"]
[EventRounds "7"]
[EventType "team-swiss"]
[EventDate "2003.12.26"]

1. e4 e6 2. d4 d5 3. e5 c5 4. Qg4 f5 5. Qg3 cxd4 6. Nf3 Ne7 7. Bd3 Nec6 8. O-O
Nd7 9. Nbd2 Nc5 10. a3 Ne4 11. Bxe4 dxe4 12. Ne1 a6 13. b4 b5 14. Nb3 Rg8 15.
Bb2 Qd5 16. f4 d3 17. Rd1 Qc4 18. Nc1 dxc2 19. Rd2 Bb7 20. Nxc2 Rd8 21. Ne3
Rxd2 22. Nxc4 bxc4 23. Qc3 Rd5 24. Qxc4 g5 25. Ne2 Kf7 26. fxg5 Rxg5 27. Nf4
Rd3 28. Qxe6+ Kg7 29. Qf6+ Kg8 30. Qxg5+ Bg7 31. Ne6 Rd7 32. Rxf5 1-0

[Event "DVM U12 2003"]
[Site "Verden/Aller GER"]
[Date "2003.12.28"]
[Round "3"]
[White "Langmann, Markus"]
[Black "Ryvkin, Leonid"]
[Result "1-0"]
[Termination "normal"]
[Board "8.3"]
[WhiteElo "1270"]
[BlackElo "1173"]
[WhiteTeam "Königsspringer Hamburg"]
[BlackTeam "SG Bochum 1931"]
[PlyCount "129"]
[WhiteFideId "24651281"]
[EventCountry "GER"]
[EventRounds "7"]
[EventType "team-swiss"]
[EventDate "2003.12.26"]

1. e4 e5 2. Nf3 Nf6 3. Nxe5 d6 4. Nf3 Nxe4 5. Nc3 Nxc3 6. dxc3 Be7 7. Be2 Nc6
8. O-O Be6 9. Be3 Qd7 10. Nd4 Nxd4 11. cxd4 O-O-O 12. d5 Bf5 13. Qd4 b6 14.
Rac1 h5 15. Qb4 Bg4 16. f3 Bf5 17. Bb5 c6 18. dxc6 Qc7 19. Ba6+ Kb8 20. Bb7 Bc8
21. Qf4 Bf6 22. Bd4 Bxd4+ 23. Qxd4 f6 24. Qd5 Bxb7 25. cxb7 Qxb7 26. Qxb7+ Kxb7
27. Rfe1 Rhe8 28. Kf2 Kc6 29. Re3 Rxe3 30. Kxe3 Kc5 31. Ke4 g6 32. Kd3 Re8 33.
c4 d5 34. cxd5+ Kxd5 35. Rc7 a5 36. Rb7 Re6 37. Rg7 g5 38. Rh7 h4 39. f4 Rd6
40. Kc3 Rc6+ 41. Kb3 Rc4 42. fxg5 fxg5 43. Rb7 Rb4+ 44. Kc3 Kc5 45. Rc7+ Kd6
46. Rc4 Rxc4+ 47. Kxc4 Kc6 48. Kd4 Kd6 49. Ke4 Ke6 50. a3 b5 51. b3 Kd6 52. Kf5
b4 53. axb4 axb4 54. Kxg5 Kd5 55. Kxh4 Kd4 56. g4 Kc3 57. g5 Kxb3 58. g6 Kc2
59. g7 b3 60. g8=Q b2 61. Qc4+ Kb1 62. Kg5 Ka1 63. Qb3 b1=Q 64. Qxb1+ Kxb1 65.
h4 1-0

[Event "DVM U12 2003"]
[Site "Verden/Aller GER"]
[Date "2003.12.28"]
[Round "3"]
[White "Gölz, Daniel"]
[Black "Rubin, Christian"]
[Result "1/2-1/2"]
[Termination "normal"]
[Board "9.1"]
[WhiteElo "1643"]
[BlackElo "1377"]
[WhiteTeam "SK Feilbingert"]
[BlackTeam "SV Oberkochen"]
[PlyCount "99"]
[WhiteFideId "24626325"]
[EventCountry "GER"]
[EventRounds "7"]
[EventType "team-swiss"]
[EventDate "2003.12.26"]

1. e4 e5 2. Nf3 Nc6 3. Bc4 d6 4. d3 Bg4 5. c3 Nf6 6. b4 Be7 7. Be3 a6 8. a4 O-O
9. Nbd2 h6 10. Qb3 Bh5 11. O-O Ng4 12. Rae1 Nxe3 13. fxe3 Qd7 14. d4 Bf6 15.
Rf2 Rae8 16. Nf1 Qg4 17. Ng3 Qg6 18. Be2 Bxf3 19. Bxf3 Ne7 20. Qc4 c6 21. Qe2
exd4 22. exd4 Nd5 23. Qc2 Bh4 24. Bh5 Qh7 25. Ree2 Bxg3 26. hxg3 Nf6 27. Bf3
Re7 28. Re3 Rfe8 29. Rfe2 Qg6 30. Kf2 Ng4+ 31. Bxg4 Qxg4 32. e5 dxe5 33. Rxe5
Rxe5 34. Rxe5 Rxe5 35. dxe5 Qd7 36. a5 Qc7 37. Qf5 Qd8 38. Ke2 Qe8 39. Kf2 Qd8
40. Ke2 Qc7 41. Kf3 c5 42. Qe4 cxb4 43. cxb4 Qe7 44. Ke3 g6 45. Kf3 Kg7 46. Ke3
Qc7 47. Kf3 Qc8 48. Ke3 Qc7 49. Kf3 Qe7 50. Ke3 1/2-1/2

[Event "DVM U12 2003"]
[Site "Verden/Aller GER"]
[Date "2003.12.28"]
[Round "3"]
[White "Dinger, Solvejg"]
[Black "Cornish, Alexander"]
[Result "0-1"]
[Termination "normal"]
[Board "9.2"]
[WhiteElo "1248"]
[BlackElo "1201"]
[WhiteTeam "SV Oberkochen"]
[BlackTeam "SK Feilbingert"]
[PlyCount "142"]
[EventCountry "GER"]
[EventRounds "7"]
[EventType "team-swiss"]
[EventDate "2003.12.26"]

1. e4 e5 2. Nf3 Nc6 3. Bc4 Nf6 4. d3 h6 5. O-O d6 6. c3 Bg4 7. h3 Bh5 8. Be3
Be7 9. Nbd2 O-O 10. Qc2 a5 11. d4 exd4 12. cxd4 Nb4 13. Qb3 Bxf3 14. Nxf3 Nxe4
15. a3 d5 16. Be2 a4 17. Qd1 Nc6 18. Bb5 Bg5 19. Nxg5 Nxg5 20. Bxa4 Qf6 21. Bb3
Rfd8 22. Qd3 Na5 23. Bc2 g6 24. Rad1 Nc4 25. Qc3 Nxe3 26. fxe3 Qd6 27. Bb3 Ne4
28. Qc2 c6 29. Rf4 g5 30. Rf5 Ng3 31. Rf3 Rd7 32. Qc5 Qxc5 33. dxc5 Ne4 34. Rd4
Nxc5 35. Bc2 Ne6 36. Rd1 Rad8 37. Rf6 Kg7 38. Rff1 d4 39. exd4 Nxd4 40. Ba4 b5
41. Bxb5 cxb5 42. Rde1 Ne6 43. Re5 Rd5 44. Rff5 Nf4 45. h4 f6 46. Rxd5 Rxd5 47.
Rxd5 Nxd5 48. hxg5 hxg5 49. Kf2 Kf7 50. Ke2 Ke6 51. Kd3 Nf4+ 52. Kc3 Kd5 53.
Kb4 Nd3+ 54. Kc3 Nc5 55. Kb4 Kc6 56. g4 Nd3+ 57. Kc3 Ne5 58. Kb4 Nxg4 59. a4
bxa4 60. Kxa4 Ne5 61. b4 Nd7 62. Ka5 g4 63. b5+ Kc5 64. Ka6 g3 65. Kb7 g2 66.
b6 g1=Q 67. Ka7 Qa1+ 68. Kb7 Qh1+ 69. Ka7 Qh8 70. b7 Kb5 71. b8=N Qxb8# 0-1

[Event "DVM U12 2003"]
[Site "Verden/Aller GER"]
[Date "2003.12.28"]
[Round "3"]
[White "Gertenbach, Robin"]
[Black "Kurz, Kevin"]
[Result "1/2-1/2"]
[Termination "normal"]
[Board "9.3"]
[WhiteElo "1117"]
[BlackElo "1063"]
[WhiteTeam "SK Feilbingert"]
[BlackTeam "SV Oberkochen"]
[PlyCount "89"]
[EventCountry "GER"]
[EventRounds "7"]
[EventType "team-swiss"]
[EventDate "2003.12.26"]

1. e4 e5 2. Nf3 Nc6 3. Bb5 a6 4. Bxc6 dxc6 5. Nc3 Bd6 6. d4 Qe7 7. dxe5 Bxe5 8.
Nxe5 Qxe5 9. f4 Qc5 10. Bd2 Nf6 11. Qe2 O-O 12. O-O-O Bg4 13. Be3 Qe7 14. Qf2
Bxd1 15. Bc5 Qe8 16. Bxf8 Kxf8 17. Rxd1 Nxe4 18. Nxe4 Qxe4 19. Qc5+ Qe7 20. Qf5
Qe6 21. Qxe6 fxe6 22. Rd7 Rc8 23. b4 h5 24. c4 g6 25. a4 b5 26. cxb5 cxb5 27.
axb5 axb5 28. g3 c5 29. Rb7 cxb4+ 30. Kd1 Rc5 31. Rb6 Kf7 32. Ke1 g5 33. fxg5
Rxg5 34. Kf2 Ke7 35. h3 Kd7 36. g4 hxg4 37. hxg4 Rxg4 38. Rxb5 Kc6 39. Re5 Rf4+
40. Ke3 Rf6 41. Kd3 Kd6 42. Re4 Kc5 43. Re5+ Kb6 44. Kc4 Rf4+ 45. Kb3 1/2-1/2

[Event "DVM U12 2003"]
[Site "Verden/Aller GER"]
[Date "2003.12.28"]
[Round "3"]
[White "Thewes, Johannes"]
[Black "Biller, Nikklas"]
[Result "0-1"]
[Termination "time forfeit"]
[Board "10.1"]
[WhiteElo "943"]
[BlackElo "1248"]
[WhiteTeam "SC Reti Heusweiler"]
[BlackTeam "Wilhelmshavener SF"]
[PlyCount "52"]
[WhiteFideId "4624823"]
[EventCountry "GER"]
[EventRounds "7"]
[EventType "team-swiss"]
[EventDate "2003.12.26"]

1. e4 d5 2. exd5 Qxd5 3. Nc3 Qa5 4. d4 Nf6 5. Bc4 Bg4 6. Nf3 c6 7. Bd2 e6 8.
O-O Nbd7 9. Qe2 Qc7 10. Rfe1 O-O-O 11. a4 Bd6 12. h3 Bh5 13. a5 Rhe8 14. Qd3
Bg6 15. Qe2 Bxc2 16. Na2 Bg6 17. Rec1 e5 18. a6 exd4 19. axb7+ Kb8 20. Qf1 Ne4
21. Bb5 Ne5 22. Nxe5 Nxd2 23. Nxc6+ Kxb7 24. Ba6+ Ka8 25. Qb5 Bh2+ 26. Kh1 Be4
0-1

[Event "DVM U12 2003"]
[Site "Verden/Aller GER"]
[Date "2003.12.28"]
[Round "3"]
[White "Kallusky, Nicolas"]
[Black "Zimmer, Dominic"]
[Result "1-0"]
[Termination "normal"]
[Board "10.2"]
[WhiteElo "837"]
[BlackElo "759"]
[WhiteTeam "Wilhelmshavener SF"]
[BlackTeam "SC Reti Heusweiler"]
[PlyCount "85"]
[EventCountry "GER"]
[EventRounds "7"]
[EventType "team-swiss"]
[EventDate "2003.12.26"]

1. d4 e6 2. Nc3 Nc6 3. Bf4 Nf6 4. Nf3 Bb4 5. Qd2 O-O 6. a3 Bxc3 7. Qxc3 Ne4 8.
Qd3 d5 9. c4 f5 10. cxd5 exd5 11. e3 Bd7 12. Be2 a5 13. O-O Ra6 14. Qb3 Rb6 15.
Qxd5+ Kh8 16. Qa2 Be6 17. Qxe6 Nxd4 18. Qc4 Nxf3+ 19. Bxf3 Nd2 20. Qc3 Nxf1 21.
Bxc7 Qf6 22. Bxb6 Qxb6 23. Rxf1 h6 24. Qd4 Qc7 25. b4 axb4 26. Qxb4 Rc8 27.
Bxb7 Rb8 28. Rb1 Rd8 29. Bf3 Rc8 30. g3 g5 31. Qd4+ Kh7 32. Rb7 Qxb7 33. Bxb7
Rc1+ 34. Kg2 g4 35. Qb2 Re1 36. Qa2 Kg6 37. a4 f4 38. exf4 h5 39. a5 h4 40.
gxh4 Re4 41. Bxe4+ Kh5 42. Qf7+ Kh6 43. Qg6# 1-0

[Event "DVM U12 2003"]
[Site "Verden/Aller GER"]
[Date "2003.12.28"]
[Round "4"]
[White "Seyb, Alexander"]
[Black "Zelbel, Patrick"]
[Result "1-0"]
[Termination "normal"]
[Board "1.1"]
[WhiteElo "1841"]
[BlackElo "1602"]
[WhiteTeam "FSV Großenseebach"]
[BlackTeam "SF Brackel 30"]
[PlyCount "73"]
[WhiteFideId "4699033"]
[BlackFideId "24624322"]
[EventCountry "GER"]
[EventRounds "7"]
[EventType "team-swiss"]
[EventDate "2003.12.26"]

1. e4 e5 2. Nf3 Nc6 3. d4 exd4 4. Nxd4 Nf6 5. Nxc6 bxc6 6. e5 Nd5 7. c4 Nb6 8.
Bd3 Bc5 9. O-O O-O 10. Nc3 Be7 11. Qh5 g6 12. Qf3 f5 13. Bh6 Re8 14. Be3 Bb7
15. c5 Nd5 16. Bc4 Kh8 17. Nxd5 cxd5 18. Bxd5 Bxd5 19. Qxd5 Bf8 20. Rfd1 Bg7
21. f4 Qb8 22. Rd2 Re7 23. Bf2 Qe8 24. Bh4 Rf7 25. Rad1 Bf8 26. Qd4 Qe6 27.
Bf6+ Bg7 28. Bxg7+ Rxg7 29. Qd5 Qe8 30. Re1 Re7 31. Re3 Rb8 32. Ra3 Ra8 33. Ra6
Rf7 34. Rd3 Rb8 35. Rxa7 Rxb2 36. Rxc7 Rb1+ 37. Kf2 1-0

[Event "DVM U12 2003"]
[Site "Verden/Aller GER"]
[Date "2003.12.28"]
[Round "4"]
[White "Zeldin, Leonid"]
[Black "Kirch, Florian"]
[Result "1/2-1/2"]
[Termination "normal"]
[Board "1.2"]
[WhiteElo "1584"]
[BlackElo "1604"]
[WhiteTeam "SF Brackel 30"]
[BlackTeam "FSV Großenseebach"]
[PlyCount "88"]
[WhiteFideId "24636088"]
[BlackFideId "24605794"]
[EventCountry "GER"]
[EventRounds "7"]
[EventType "team-swiss"]
[EventDate "2003.12.26"]

1. e4 g6 2. d4 Bg7 3. Nc3 d6 4. Be3 Nf6 5. f3 Nbd7 6. Qd2 e5 7. d5 Nh5 8. g4
Nhf6 9. O-O-O Nb6 10. h4 Bd7 11. Kb1 Bf8 12. h5 c6 13. hxg6 fxg6 14. Nh3 Qe7
15. Ng5 O-O-O 16. dxc6 Bxc6 17. Bxb6 axb6 18. Bb5 d5 19. Bxc6 bxc6 20. exd5
Nxd5 21. Nge4 Qf7 22. Nxd5 Rxd5 23. Qc3 Bc5 24. b4 Bd4 25. Qxc6+ Kb8 26. Nd6
Rxd6 27. Qxd6+ Kb7 28. Rhe1 Ra8 29. Rxd4 Qxa2+ 30. Kc1 Qa1+ 31. Kd2 Qxd4+ 32.
Qxd4 exd4 33. Re7+ Kc6 34. Rxh7 Kb5 35. Rg7 Rf8 36. Ke2 Kxb4 37. Rxg6 b5 38. g5
Re8+ 39. Kd3 Re3+ 40. Kxd4 Rxf3 41. Rg8 Rc3 42. g6 Rxc2 43. g7 Rg2 44. Kd3 Rg4
1/2-1/2

[Event "DVM U12 2003"]
[Site "Verden/Aller GER"]
[Date "2003.12.28"]
[Round "4"]
[White "Linsenmeyer, Mario"]
[Black "Kartsev, Alexandr"]
[Result "1-0"]
[Termination "normal"]
[Board "1.3"]
[WhiteElo "1489"]
[BlackElo "1383"]
[WhiteTeam "FSV Großenseebach"]
[BlackTeam "SF Brackel 30"]
[PlyCount "67"]
[WhiteFideId "24635138"]
[BlackFideId "24647110"]
[EventCountry "GER"]
[EventRounds "7"]
[EventType "team-swiss"]
[EventDate "2003.12.26"]

1. e4 d6 2. d4 Nf6 3. Nc3 e5 4. dxe5 dxe5 5. Qxd8+ Kxd8 6. Bg5 h6 7. O-O-O+ Bd7
8. Bh4 g5 9. Bg3 Nc6 10. Bb5 Bd6 11. Nf3 Ke7 12. Bxc6 Bxc6 13. Bxe5 Bxe5 14.
Nxe5 Bxe4 15. Nxe4 Nxe4 16. Rhe1 Nd6 17. Ng6+ Kf6 18. Nxh8 Rxh8 19. Rd3 g4 20.
h3 h5 21. hxg4 hxg4 22. Rg3 Kf5 23. f3 Kf4 24. Rxg4+ Kf5 25. b3 Rd8 26. c4 f6
27. Kc2 b5 28. c5 Nb7 29. b4 Nxc5 30. bxc5 Rd5 31. Kb3 a5 32. Ree4 Rxc5 33. Rg7
c6 34. g4# 1-0

[Event "DVM U12 2003"]
[Site "Verden/Aller GER"]
[Date "2003.12.28"]
[Round "4"]
[White "Blokisch, Till"]
[Black "Quaschner, Tobias"]
[Result "0-1"]
[Termination "normal"]
[Board "1.4"]
[WhiteElo "1259"]
[BlackElo "1218"]
[WhiteTeam "SF Brackel 30"]
[BlackTeam "FSV Großenseebach"]
[PlyCount "110"]
[WhiteFideId "16209931"]
[BlackFideId "24646989"]
[EventCountry "GER"]
[EventRounds "7"]
[EventType "team-swiss"]
[EventDate "2003.12.26"]

1. e4 c5 2. c4 Nc6 3. Ne2 e6 4. Nbc3 Nf6 5. d4 cxd4 6. Nxd4 Bb4 7. Nxc6 bxc6 8.
Bd2 O-O 9. Bd3 d5 10. cxd5 cxd5 11. exd5 Nxd5 12. Be4 Bb7 13. Nxd5 Bxd2+ 14.
Qxd2 Bxd5 15. Bxd5 Qxd5 16. Qxd5 exd5 17. O-O-O Rfd8 18. Rd2 f6 19. Rhd1 Rac8+
20. Kb1 Rc5 21. Rc1 Rdc8 22. Rxc5 Rxc5 23. b4 Rb5 24. Rd4 Kf7 25. a4 Rb7 26. f4
Ke6 27. g4 g5 28. fxg5 fxg5 29. Kc2 Ke5 30. Kd3 Rf7 31. a5 Rf3+ 32. Ke2 Rb3 33.
Rd1 Rxb4 34. Kf3 Rb3+ 35. Kf2 Ra3 36. Re1+ Kf4 37. Re7 Rxa5 38. Rxh7 Ra2+ 39.
Ke1 Kxg4 40. Rd7 Rxh2 41. Rxd5 Kf4 42. Ra5 Rh7 43. Ra4+ Ke3 44. Ra3+ Kd4 45.
Rg3 Rg7 46. Rg4+ Kc3 47. Rg3+ Kb2 48. Rg2+ Kb1 49. Rg4 a5 50. Ra4 Re7+ 51. Kd2
Re5 52. Kd1 Kb2 53. Kd2 Kb3 54. Rg4 a4 55. Rg3+ Kb2 0-1

[Event "DVM U12 2003"]
[Site "Verden/Aller GER"]
[Date "2003.12.28"]
[Round "4"]
[White "Heistermann, Till"]
[Black "Huschenbeth, Niclas"]
[Result "0-1"]
[Termination "normal"]
[Board "2.1"]
[WhiteElo "1573"]
[BlackElo "1891"]
[WhiteTeam "SC Leipzig-Gohlis"]
[BlackTeam "SK Johanneum Eppendorf"]
[PlyCount "88"]
[BlackFideId "24604747"]
[EventCountry "GER"]
[EventRounds "7"]
[EventType "team-swiss"]
[EventDate "2003.12.26"]

1. e4 c5 2. Nf3 d6 3. d4 cxd4 4. Nxd4 Nf6 5. Nc3 Nc6 6. Be2 e6 7. Be3 Be7 8.
O-O O-O 9. Qd2 a6 10. f4 Qc7 11. Rad1 Rb8 12. Bf3 Na5 13. Be2 b5 14. a3 Bb7 15.
Bd3 Nc4 16. Bxc4 Qxc4 17. Qd3 Qc7 18. h3 Nd7 19. Nb3 Nb6 20. Nd2 Ba8 21. Rf2
Nc4 22. Rb1 Nxe3 23. Qxe3 d5 24. b4 Rfd8 25. exd5 exd5 26. Nf3 Rbc8 27. Nd1 Bf6
28. Rc1 d4 29. Qd2 d3 30. c3 Qb6 31. Kf1 Bd5 32. Ne3 Qc7 33. Nxd5 Rxd5 34. Ne5
Bxe5 35. fxe5 Qxe5 36. Kg1 Re8 37. Rd1 Qd6 38. Rff1 Re2 39. Qf4 Qb6+ 40. Kh1
Qe6 41. Qf3 d2 42. Rf2 Re1+ 43. Rf1 h6 44. Qf2 Rf5 0-1

[Event "DVM U12 2003"]
[Site "Verden/Aller GER"]
[Date "2003.12.28"]
[Round "4"]
[White "Moshtael, Wesal"]
[Black "Doberitz, Paul"]
[Result "1/2-1/2"]
[Termination "normal"]
[Board "2.2"]
[WhiteElo "1637"]
[BlackElo "1560"]
[WhiteTeam "SK Johanneum Eppendorf"]
[BlackTeam "SC Leipzig-Gohlis"]
[PlyCount "89"]
[WhiteFideId "24618551"]
[BlackFideId "24646130"]
[EventCountry "GER"]
[EventRounds "7"]
[EventType "team-swiss"]
[EventDate "2003.12.26"]

1. Nf3 Nf6 2. c4 g6 3. d4 c5 4. g3 Bg7 5. Bg2 O-O 6. O-O Nc6 7. d5 Nb8 8. Nc3
d6 9. e4 Nbd7 10. h3 Nb6 11. Qe2 Nfd7 12. Bd2 Ne5 13. Nxe5 Bxe5 14. f4 Bd4+ 15.
Kh2 Bd7 16. Rae1 Qc7 17. Nd1 Rae8 18. b3 e6 19. Qf3 f5 20. dxe6 Rxe6 21. exf5
Rxe1 22. Rxe1 Bc6 23. Qe2 Bxg2 24. Qe6+ Kh8 25. Kxg2 gxf5 26. Qe7 Qb8 27. Qh4
Re8 28. Re7 Rxe7 29. Qxe7 d5 30. Ne3 dxc4 31. Nxf5 Nd5 32. Qe6 Qd8 33. bxc4 Nc3
34. Nd6 Qb8 35. Be3 Bxe3 36. Qf6+ Kg8 37. Qf7+ Kh8 38. Qf6+ Kg8 39. Qe6+ Kh8
40. Qe5+ Kg8 41. Qe6+ Kh8 42. Qf6+ Kg8 43. Qf7+ Kh8 44. Qf6+ Kg8 45. Qe6+
1/2-1/2